| 000 | 00618nam a2200265Ia 4500 | ||
|---|---|---|---|
| 008 | 210210b2010 xxu||||| |||| 00| 0 eng d | ||
| 020 | _a9788184895148 | ||
| 041 | _aeng | ||
| 082 | _a512 COHA | ||
| 100 | _aCOHEN (Arjeh M) | ||
| 245 |
_aAlgebra interactive _bLearning algebra in an exciting way |
||
| 260 |
_aNew York _bSpringer _c2010 |
||
| 300 | _aviii,159 | ||
| 650 | _away | ||
| 650 | _aLearning | ||
| 650 | _ainteractive | ||
| 650 | _ain | ||
| 650 | _aexciting | ||
| 650 | _aan | ||
| 650 | _aAlgebra: | ||
| 650 | _aalgebra | ||
| 690 | _aAlgebra | ||
| 700 | _aCUYPERS (Hans) | ||
| 906 | _a067874 | ||
| 999 |
_c151060 _d151060 |
||